Loading...
Science - Chemistry | 0 | 7 | 0 | 2 | 70 | 73 | 97.71 | 0 | 5 |
Fine Arts - Other Fine Arts | 2 | 2 | 0 | 0 | 50 | 49 | 83.25 | 1 | 2 |
Science - Biology | 0 | 3 | 0 | 0 | 30 | 83 | 105.00 | 0 | 2 |
Literature - European Literature | 0 | 2 | 0 | 0 | 20 | 118 | 126.00 | 0 | 0 |
Mythology | 1 | 0 | 0 | 0 | 15 | 44 | 44.00 | 1 | 1 |
Philosophy | 0 | 1 | 0 | 0 | 10 | 118 | 118.00 | 0 | 0 |
History - American History | 0 | 1 | 0 | 1 | 10 | 134 | 134.00 | 0 | 0 |
Science - Physics | 0 | 1 | 1 | 1 | 5 | 125 | 125.00 | 0 | 0 |
Literature - British Literature | 0 | 1 | 1 | 0 | 5 | 111 | 111.00 | 1 | 1 |
Literature - American Literature | 0 | 0 | 0 | 0 | 0 | 0.00 | 0 | 0 | |
History - European History | 0 | 0 | 1 | 0 | -5 | 0.00 | 0 | 0 | |
Geography | 0 | 0 | 1 | 0 | -5 | 0.00 | 0 | 0 |